Detalles MARC
| 000 -CABECERA |
| campo de control de longitud fija |
01649nam a2200253 a 4500 |
| 001 - NÚMERO DE CONTROL |
| campo de control |
000048392 |
| 005 - FECHA Y HORA DE LA ÚLTIMA TRANSACCIÓN |
| campo de control |
20260305073952.0 |
| 008 - DATOS DE LONGITUD FIJA--INFORMACIÓN GENERAL |
| campo de control de longitud fija |
190219s2016 dr 000 0 spa d |
| 020 ## - NÚMERO INTERNACIONAL ESTÁNDAR DEL LIBRO |
| Número Internacional Estándar del Libro |
9789945901665 |
| 040 ## - FUENTE DE LA CATALOGACIÓN |
| Centro catalogador/agencia de origen |
DO-SdBNP |
| Lengua de catalogación |
spa |
| Centro/agencia transcriptor |
BNPHU |
| 082 ## - NÚMERO DE LA CLASIFICACIÓN DECIMAL DEWEY |
| Número de clasificación |
xxxx |
| Número de documento/Ítem |
B915tr |
| 100 1# - ENTRADA PRINCIPAL--NOMBRE DE PERSONA |
| Nombre de persona |
Bryan, Patrick |
| 9 (RLIN) |
75802 |
| 245 13 - MENCIÓN DE TÍTULO |
| Título |
La transformación económica de la República Dominicana, 1870-1916 / |
| Mención de responsabilidad, etc. |
Patrick Bryan ; Presentación, Frank Moya Pons. |
| 260 ## - PUBLICACIÓN, DISTRIBUCIÓN, ETC. |
| Lugar de publicación, distribución, etc. |
Santo Domingo : |
| Nombre del editor, distribuidor, etc. |
Academia Dominicana de la Historia, |
| Fecha de publicación, distribución, etc. |
2016. |
| 300 ## - DESCRIPCIÓN FÍSICA |
| Extensión |
334 p. : |
| Otras características físicas |
il. ; |
| Dimensiones |
23 cm. |
| 490 1# - MENCIÓN DE SERIE |
| Mención de serie |
Academia Dominicana de la Historia |
| Designación de volumen o secuencia |
141 |
| 500 ## - NOTA GENERAL |
| Nota general |
Incluye datos biográficos del autor en la solapa de la contracubierta |
| 500 ## - NOTA GENERAL |
| Nota general |
Incluye referencias bibliográficas y notas al pie de las páginas |
| 504 ## - NOTA DE BIBLIOGRAFÍA, ETC. |
| Nota de bibliografía, etc. |
Bibliografía : p. 297-312 |
| 505 0# - NOTA DE CONTENIDO CON FORMATO |
| Nota de contenido con formato |
Presentación, Frank Moya Pons -- |
| Título |
Prefacio -- |
| -- |
Lista de tablas -- |
| -- |
Abreviaturas -- |
| Información miscelánea |
Capítulo 1 |
| Título |
La economía y la sociedad dominicana hasta 1870 -- |
| Información miscelánea |
Capítulo 2 |
| Título |
La República Dominicana y la economía internacional, 1870-1916 -- |
| Información miscelánea |
Capítulo 3 |
| Título |
La agricultura campesina en el Norte, 1870-1916 -- |
| Información miscelánea |
Capítulo 4 |
| Título |
Los intermediarios -- |
| Información miscelánea |
Capítulo 5 |
| Título |
La transición hacia la agricultura de plantación, 1870-1884 -- |
| Información miscelánea |
Capítulo 6 |
| Título |
La crisis azucarera de 1884 y sus consecuencias -- |
| Información miscelánea |
Capítulo 7 |
| Título |
La consolidación del enclave, 1898-1916 -- |
| Información miscelánea |
Capítulo 8 |
| Título |
El trabajo -- |
| Información miscelánea |
Capítulo 9 |
| Título |
La tierra: aspectos legales y organizativos -- |
| -- |
Conclusiones -- |
| -- |
Índice onomástico. |
| 590 ## - NOTA LOCAL (RLIN) |
| Nota local |
Inventariado, 2019/LP |
| 700 1# - PUNTO DE ACCESO ADICIONAL--NOMBRE DE PERSONA |
| Nombre de persona |
Moya Pons, Frank, |
| Fechas asociadas al nombre |
1944- |
| Término indicativo de función/relación |
prest. |
| 9 (RLIN) |
2095 |
| 830 #0 - PUNTO DE ACCESO ADICIONAL DE SERIE-TÍTULO UNIFORME |
| Título uniforme |
Academia Dominicana de la Historia |
| Número de parte o sección de la obra |
141 |
| 9 (RLIN) |
75803 |